[Event "Autumn 5"]
[Site "Alushta UKR"]
[Date "2005.10.11"]
[Round "6"]
[White "Belikov,V"]
[Black "Zdebskaja,N"]
[Result "1-0"]
[WhiteElo "2520"]
[BlackElo "2390"]

1.d4 Nf6 2.c4 e6 3.Nf3 b6 4.a3 Bb7 5.Nc3 d5 6.cxd5 Nxd5 7.Bd2 Nd7 8.Nxd5 Bxd5
9.Qc2 c5 10.e4 Bb7 11.Bc3 cxd4 12.Nxd4 Be7 13.Rd1 Qc7 14.Bb5 O-O-O 15.O-O a6
16.Be2 Kb8 17.Rfe1 Bf6 18.Bf1 Be5 19.g3 Nf6 20.Nc6+ Qxc6 21.Bxe5+ Ka7 22.Qxc6 Bxc6
23.f3 Ba4 24.Rc1 Rc8 25.Kf2 Rhd8 26.Bc7 Rd2+ 27.Ke3 Rc2 28.Rxc2 Bxc2 29.Be5 Bb3
30.g4 Ne8 31.g5 f6 32.gxf6 gxf6 33.Bc3 e5 34.f4 Rc5 35.fxe5 fxe5 36.Bd3 Nd6
37.Rg1 Nf7 38.Rg7 h6 39.Be2 Kb8 40.h4 a5 41.Rg6 Kc7 42.Rg7 Kd6 43.Bh5 Rc7
44.Rg6+ Kc5 45.Rf6 Re7 46.Be2 Rd7 47.Kf3 Bc2 48.b4+  1-0

[Event "5th ch-Asian"]
[Site "Hyderabad IND"]
[Date "2005.10.13"]
[Round "7"]
[White "Grigoryan,K"]
[Black "Kunte,A"]
[Result "1/2-1/2"]
[WhiteElo "2421"]
[BlackElo "2553"]

1.d4 Nf6 2.c4 e6 3.Nf3 b6 4.a3 Bb7 5.Nc3 d5 6.cxd5 Nxd5 7.e3 Nxc3 8.bxc3 Be7
9.Bb5+ c6 10.Bd3 O-O 11.Qc2 h6 12.O-O c5 13.e4 Qc8 14.Qe2 Ba6 15.Rd1 Bxd3
16.Rxd3 Nd7 17.e5 Rd8 18.h4 cxd4 19.cxd4 Qc4 20.Ne1 Rac8 21.h5 f5 22.Bf4 b5
23.Qf3 Nf8 24.Rad1 Qd5 25.Qh3 Rc4 26.g3 Ra4 27.Nc2 Nh7 28.Ne3 Qc6 29.f3 Qb7
30.g4 Bg5 31.Qg3 Bxf4 32.Qxf4 Ng5 33.Kg2 fxg4 34.Nxg4 Rf8 35.Qg3 Rc4 36.R1d2 Rc7
37.Re2 Rcf7 38.Ree3 Qd5 39.Nf2 Rf4 40.Ng4 a5 41.Nf6+ R8xf6 42.exf6 Rxf6 43.Qe5 Qa2+
44.Re2 Qc4 45.Red2 Rf5 46.Qb8+ Kh7 47.Qe8 Rf6 48.d5 Qh4 49.d6 Qh3+ 50.Kf2 Qh2+
51.Ke1 Qg1+ 52.Ke2 Nh3 53.Rd4 Qb1 54.Qg6+ Rxg6 55.hxg6+ Qxg6 56.d7 Ng1+ 57.Kf1 Nxf3
58.d8=Q  1/2-1/2

[Event "5th ch-Asian"]
[Site "Hyderabad IND"]
[Date "2005.10.14"]
[Round "8"]
[White "Gupta,Ab"]
[Black "Gopal,G"]
[Result "1-0"]
[WhiteElo "2404"]
[BlackElo "2327"]

1.d4 Nf6 2.c4 e6 3.Nf3 b6 4.a3 Bb7 5.Nc3 d5 6.cxd5 Nxd5 7.Qc2 Nxc3 8.bxc3 Be7
9.e4 O-O 10.Bd3 c5 11.O-O Qc7 12.Qe2 Nd7 13.Bb2 Rac8 14.Rad1 Rfd8 15.Rfe1 Nf6
16.Ne5 Bd6 17.f4 cxd4 18.cxd4 Qe7 19.Ra1 Nd7 20.Rf1 a6 21.Nxd7 Qxd7 22.Kh1 Bc5
23.Rad1 Bd6 24.f5 exf5 25.e5 Be7 26.Bxf5 Qd5 27.Bxc8 Rxc8 28.Rc1 Rc6 29.Rxc6 Bxc6
30.Rc1 h6 31.Qf3 Qxf3 32.gxf3 Bxf3+ 33.Kg1 f6 34.e6 g5 35.Rc8+ Kg7 36.Re8 Bd6
37.Rd8 Be7 38.Rd7  1-0

[Event "5th ch-Asian"]
[Site "Hyderabad IND"]
[Date "2005.10.14"]
[Round "8"]
[White "Dao Thien Hai"]
[Black "Yu Shaoteng"]
[Result "1-0"]
[WhiteElo "2581"]
[BlackElo "2516"]

1.d4 Nf6 2.c4 e6 3.Nf3 b6 4.a3 Ba6 5.Qc2 Bb7 6.Nc3 c5 7.e4 cxd4 8.Nxd4 Nc6
9.Nxc6 Bxc6 10.Bf4 Bc5 11.Be2 O-O 12.Rd1 a5 13.O-O Qe7 14.Kh1 e5 15.Bg5 h6
16.Bd2 Rac8 17.Qb1 Bd4 18.f3 Nh5 19.g3 Qe6 20.Kg2 Qg6 21.Nd5 Bxd5 22.cxd5 Qd6
23.Rc1 Nf6 24.Ba6 Ra8 25.Bd3 Rfc8 26.Rc2 Rc5 27.Rfc1 Rac8 28.b4 Rxc2 29.Rxc2 Rxc2
30.Qxc2 axb4 31.Bxb4 Bc5 32.Bxc5 bxc5 33.a4 Qc7 34.Qc3 Ne8 35.Bf1 f6 36.a5 Nd6
37.a6 Qb6 38.Qa3 Qa7 39.Qa5 Kf7 40.Qd8 c4 41.Qa5 f5 42.Qa3 Nb5 43.Qb4  1-0

[Event "Cupa ULIM"]
[Site "Kishinev MDA"]
[Date "2005.10.14"]
[Round "7"]
[White "Prociuc,E"]
[Black "Hamitevici,V"]
[Result "0-1"]
[WhiteElo "2078"]
[BlackElo "2284"]

1.d4 Nf6 2.c4 e6 3.Nf3 b6 4.a3 Bb7 5.Nc3 d5 6.cxd5 Nxd5 7.Qc2 c5 8.e4 Nxc3
9.bxc3 Be7 10.Bd3 O-O 11.O-O Qc8 12.Qe2 Ba6 13.Bb2 Bxd3 14.Qxd3 Qa6 15.Qxa6 Nxa6
16.Rac1 Rfd8 17.g3 Bf6 18.Kg2 Rac8 19.Rfd1 h6 20.Kf1 Nb8 21.Ke2 Nc6 22.Ke3 Na5
23.Nd2 Rd7 24.f4 Rcd8 25.e5 Be7 26.Ke4 cxd4 27.cxd4 Bxa3 28.Bxa3 Rxd4+ 29.Ke3 Rd3+
30.Ke2 Rxa3 31.Ne4 Rxd1 32.Rxd1 Nc4 33.Rd4 Ra2+ 34.Kd3 b5 35.Rd8+ Kh7 36.Nd6 Kg6
37.Kd4 Rxh2 38.Kc5 a6 39.g4 Rc2 40.f5+ Kh7 41.Kd4 Rd2+ 42.Kc3 Rd5 43.Nxf7 Rxd8
44.Nxd8 exf5 45.e6 fxg4 46.Kd4 Kg6 47.e7 Nd6 48.Ke5 Ne8 49.Ke6 g3 50.Nc6 g2
51.Ne5+ Kh7 52.Nf3 b4  0-1

[Event "Goodbye Summer Open"]
[Site "Omis CRO"]
[Date "2005.10.14"]
[Round "7"]
[White "Zimmerman,Y"]
[Black "Zaja,I"]
[Result "0-1"]
[WhiteElo "2391"]
[BlackElo "2466"]

1.d4 Nf6 2.c4 e6 3.Nf3 b6 4.a3 Ba6 5.Qc2 Bb7 6.Nbd2 c5 7.e4 cxd4 8.e5 Ng4
9.h3 Nh6 10.Ne4 f5 11.exf6 gxf6 12.Bxh6 f5 13.Bg5 Bxe4 14.Bxd8 Bxc2 15.Bf6 Rg8
16.Nxd4 Kf7 17.Be5 Ba4 18.Nf3 Nc6 19.Bc3 Bg7 20.Bxg7 Rxg7 21.Rc1 Kf6 22.g4 e5
23.Rc3 e4 24.b3 exf3 25.bxa4 Ne5 26.gxf5 Rc8 27.Kd2 d5 28.cxd5 Rxc3 29.Kxc3 Rc7+
30.Kd2 Rc5 31.Bb5 Rxd5+ 32.Ke3 Kxf5 33.Rc1 Rc5 34.Rxc5 bxc5 35.Ba6 c4 36.Kd4 Kf4
37.Bxc4 h5 38.Be6 h4 39.Bc8 Nf7 40.Be6 Nd6 41.Bd7 Ne4 42.Kc4 Nxf2 43.Kb5 Nxh3
44.Bxh3 Kg3 45.Bf5 h3  0-1

[Event "TCh-CZE Extraliga 2005-6"]
[Site "Czech Rep CZE"]
[Date "2005.10.15"]
[Round "1"]
[White "Markos,J"]
[Black "Stocek,J"]
[Result "1/2-1/2"]
[WhiteElo "2495"]
[BlackElo "2580"]

1.d4 Nf6 2.c4 e6 3.Nf3 b6 4.a3 Ba6 5.Qc2 Bb7 6.Nc3 c5 7.e4 cxd4 8.Nxd4 d6
9.g3 Nbd7 10.Bg2 Rc8 11.b3 Be7 12.O-O O-O 13.Bb2 Qc7 14.Rfe1 Rfe8 15.Rad1 a6
16.Qb1 Qb8 17.Re2 Bf8 18.a4 Qa8 19.Nf3 h6 20.Rde1 Qb8 21.Kh1 d5 22.e5 Ne4
23.Nxe4 dxe4 24.Nd2 Bb4 25.Rd1 Bxd2 26.Rdxd2 Nc5 27.Rd6 Rc6 28.Qd1 f5 29.Red2 Rxd6
30.exd6 Nd3 31.Rxd3 exd3 32.Qxd3 Bxg2+ 33.Kxg2 Qb7+ 34.Qf3 Qd7 35.Be5 Rc8
36.Qd3 Qc6+ 37.f3 a5 38.Qd4 Rd8 39.h4 Qc5 40.Qf4 Rd7 41.h5 Qb4 42.Qe3 Rxd6
43.Bxd6 Qxd6 44.f4 Kf7 45.Kf2 Qc5 46.Ke2 Kf6 47.Qd3 Ke7  1/2-1/2

[Event "Chigorin Mem"]
[Site "St Petersburg RUS"]
[Date "2005.10.15"]
[Round "1"]
[White "Gavrilov,Al1"]
[Black "Prelovskij,R"]
[Result "1-0"]
[WhiteElo "2481"]
[BlackElo "2187"]

1.d4 Nf6 2.c4 e6 3.Nf3 b6 4.a3 Bb7 5.Nc3 d5 6.cxd5 Nxd5 7.Bd2 Nf6 8.Bg5 Be7
9.Qa4+ c6 10.e3 O-O 11.Be2 Nbd7 12.O-O b5 13.Qc2 a6 14.b4 a5 15.Qb2 Nd5 16.Bxe7 Qxe7
17.Nxd5 exd5 18.bxa5 Rxa5 19.a4 b4 20.Rfb1 Ba6 21.Bxa6 Rxa6 22.Qxb4 Qxb4
23.Rxb4 f6 24.g3 Rfa8 25.Rc1 Kf7 26.Nd2 Rb8 27.Rxb8 Nxb8 28.Rb1 Nd7 29.Rb7 Ke8
30.Nb3 Rb6 31.Nc5 Rxb7 32.Nxb7 Nb6 33.a5 Nc8 34.h4 g6 35.Kf1 Kd7 36.Ke2 Kc7
37.Nc5 h5 38.Kf3 Nd6 39.Ne6+ Kb7 40.Nf4 g5 41.Nxh5 gxh4 42.gxh4 Ne4 43.Ng3  1-0

[Event "TCh-HUN 2005-6"]
[Site "Hungary HUN"]
[Date "2005.10.16"]
[Round "1"]
[White "Lorincz,I"]
[Black "Lakos,N"]
[Result "1/2-1/2"]
[WhiteElo "2348"]
[BlackElo "2324"]

1.d4 Nf6 2.Nf3 e6 3.c4 b6 4.a3 Bb7 5.Nc3 Ne4 6.Bd2 Be7 7.e3 O-O 8.Bd3 Nxd2
9.Qxd2 d6 10.Qc2 h6 11.O-O-O Nd7 12.e4 c6 13.h4 a6 14.g4 b5 15.g5 h5 16.Qe2 g6
17.Ne1 Qa5 18.Nc2 bxc4 19.Bxc4 d5 20.Bd3  1/2-1/2

[Event "Chigorin Mem"]
[Site "St Petersburg RUS"]
[Date "2005.10.17"]
[Round "3"]
[White "Sergeev,Ve"]
[Black "Iljin,A"]
[Result "1/2-1/2"]
[WhiteElo "2377"]
[BlackElo "2515"]

1.d4 Nf6 2.c4 e6 3.Nf3 b6 4.a3 Bb7 5.Nc3 g6 6.d5 exd5 7.cxd5 Bg7 8.g3 O-O
9.Bg2 c5 10.O-O d6 11.Bf4 a6 12.Re1 b5 13.e4 Nh5 14.Bg5 Qb6 15.g4 Nf6 16.e5 Nxg4
17.exd6 c4 18.Qd2 Nd7 19.Be7 Nc5 20.h3 Nf6 21.Ne5 Nfd7 22.Nxd7  1/2-1/2

[Event "SCG First League w"]
[Site "Vrnjacka Banja SCG"]
[Date "2005.10.17"]
[Round "1"]
[White "Kizova,S"]
[Black "Peptan,C"]
[Result "1/2-1/2"]
[WhiteElo "2122"]
[BlackElo "2404"]

1.d4 Nf6 2.c4 e6 3.Nf3 b6 4.a3 Bb7 5.Nc3 d5 6.Bg5 Be7 7.Bxf6 Bxf6 8.cxd5 exd5
9.Qa4+ c6 10.g3 O-O 11.Bg2 Nd7 12.O-O Re8 13.Rfd1 a6 14.e3 Qe7 15.Rac1 b5
16.Qc2 Nb6 17.Ne1 Rad8 18.Nd3 Nc4 19.Nb1 h5 20.Re1 h4 21.a4 Bc8 22.b3 Bf5
23.Qc3 Nd6 24.Nd2 Ne4 25.Nxe4 Bxe4 26.Bh3 Rd6 27.Nb4 Bg5 28.Nxc6 Qf6 29.f4 hxg3
30.hxg3 Qh6 31.Bg2 Bxf4 32.exf4 Qh5 33.Kf2 Rh6 34.Rh1 Qg4 35.Rxh6 gxh6 36.Bxe4 dxe4
37.Ne5 Qh3 38.Rg1 Rc8 39.Nc6 Re8 40.Qe3 bxa4 41.bxa4 Qe6 42.Rc1 Qh3 43.Rg1 Qe6
44.Rc1 Qh3 45.Rg1 Qe6  1/2-1/2

[Event "Chigorin Mem"]
[Site "St Petersburg RUS"]
[Date "2005.10.19"]
[Round "5"]
[White "Gavrilov,Al1"]
[Black "Chehlov,A"]
[Result "1-0"]
[WhiteElo "2481"]
[BlackElo "2207"]

1.d4 Nf6 2.c4 e6 3.Nf3 b6 4.a3 Bb7 5.Nc3 d5 6.cxd5 exd5 7.g3 Be7 8.Qa4+ c6
9.Bg2 O-O 10.O-O Nbd7 11.Rd1 Bd6 12.Nh4 Re8 13.Nf5 Bf8 14.Bg5 h6 15.Bf4 b5
16.Qc2 Nb6 17.b3 Bc8 18.Bd2 a5 19.Ne3 Bd7 20.Rdc1 g6 21.a4 b4 22.Ncd1 Ne4
23.Nf1 Rc8 24.Be3 h5 25.f3 Nd6 26.Qd2 Bf5 27.Nb2 Nd7 28.Bf2 Bg7 29.Ra2 Qb6
30.h3 Nb7 31.Nd1 Qa6 32.Nfe3 Bh6 33.f4 Be4 34.Bxe4 Rxe4 35.Nxd5 Nd6 36.N5e3 Bg7
37.Nc4 Nxc4 38.Rxc4 Nb6 39.Rc5 Nd5 40.Qd3 Qxd3 41.exd3 Rxd4 42.Rd2 Nc3 43.Nxc3 bxc3
44.Rxc3 Rxa4 45.bxa4 Bxc3 46.Rc2 Bb4 47.Kg2 Rd8 48.d4 Rd6 49.Kf3 f6 50.f5 Kf7
51.g4 hxg4+ 52.hxg4 gxf5 53.gxf5 Ke7 54.Ke4 Kd7 55.Bh4 Ba3 56.Rg2 c5 57.d5 Rb6
58.Rg7+ Ke8 59.Be1 Bb4 60.Bg3 c4 61.Rc7 c3 62.Kd3 Kd8 63.Rc6 Rxc6 64.dxc6 Kc8
65.Kc2 Kd8 66.Kd3 Kc8 67.Bh4 Be7 68.Be1 Kc7 69.Bxc3 Kxc6 70.Bxa5 Kd5 71.Bc3 Bd8
72.Ke3 Kc4 73.Be1 Kd5 74.Kf4 Bc7+ 75.Kg4 Ke4 76.Bc3 Bd8 77.a5 Kd5 78.a6 Kc6
79.Bd4 Kc7 80.Kh5 Kb8 81.Kg6 Ka8 82.Kf7 Kb8 83.Ke8 Ba5 84.Ke7 Be1 85.Kxf6 Bh4+
86.Ke6 Ka8 87.Bc5  1-0

[Event "Independence Day Women"]
[Site "Sheki AZE"]
[Date "2005.10.20"]
[Round "6"]
[White "Alieva,E"]
[Black "Javakhishvili,L"]
[Result "0-1"]
[WhiteElo "2176"]
[BlackElo "2410"]

1.d4 Nf6 2.Nf3 e6 3.c4 b6 4.a3 Ba6 5.Qc2 Bb7 6.Nbd2 c5 7.e4 cxd4 8.e5 Ng8
9.Ne4 Nc6 10.Bf4 Rc8 11.Rd1 f5 12.exf6 gxf6 13.Nd6+ Bxd6 14.Bxd6 Nh6 15.Bd3 Nf7
16.Bg3 Nce5 17.Nxe5 fxe5 18.Qe2 d6 19.O-O h5 20.h4 Qf6 21.b3 Qg7 22.Be4 Bxe4
23.Qxe4 O-O 24.Rd3 Nh6 25.f4 Ng4 26.Be1 Ne3 27.Rxe3 dxe3 28.Qxe3 Rce8 29.Bc3 Qg4
30.fxe5 Rxf1+ 31.Kxf1 dxe5 32.Kg1 Rd8  0-1

[Event "Chigorin Mem"]
[Site "St Petersburg RUS"]
[Date "2005.10.20"]
[Round "6"]
[White "Sorokin,M"]
[Black "Smirnov,Arte"]
[Result "1-0"]
[WhiteElo "2567"]
[BlackElo "2375"]

1.d4 Nf6 2.c4 e6 3.Nf3 b6 4.a3 c5 5.d5 Ba6 6.Qc2 exd5 7.cxd5 g6 8.Nc3 Bg7
9.g3 O-O 10.Bg2 d6 11.O-O Re8 12.Re1 b5 13.Bf4 Qb6 14.e4 Nbd7 15.h3 Bb7 16.a4 a6
17.Bf1 b4 18.a5 Qc7 19.Nb1 b3 20.Qd3 c4 21.Qxc4 Qxc4 22.Bxc4 Rxe4 23.Rxe4 Nxe4
24.Nbd2 Nxd2 25.Nxd2 Nf6 26.Bxd6 Bxd5 27.Bxd5 Nxd5 28.Rc1 Bxb2 29.Rc6 Nf6
30.Nxb3 Ne4 31.Bf4 h5 32.f3 Nc3 33.Kf2 Nb5 34.Ke3 Bc3 35.Kd3 Be1 36.Kc4 Kg7
37.g4 hxg4 38.hxg4 Na3+ 39.Kc5 Bf2+ 40.Kb4 Nb5 41.Be5+ Kf8 42.Nc5 Nd4 43.Bxd4 Bxd4
44.Nxa6 Bf2 45.Kb5 Re8 46.Nc5 Re2 47.a6 Rb2+ 48.Ka5 Be1+ 49.Ka4 Ra2+ 50.Kb5 Rb2+
51.Kc4 Ra2 52.Rc7 Bg3 53.Rb7 Bf2 54.a7 Kg7 55.g5  1-0

[Event "Chigorin Mem"]
[Site "St Petersburg RUS"]
[Date "2005.10.20"]
[Round "6"]
[White "Fedorovtsev,I"]
[Black "Smirnov,I UKR"]
[Result "1/2-1/2"]
[WhiteElo "2070"]
[BlackElo "2459"]

1.d4 Nf6 2.c4 e6 3.Nf3 b6 4.a3 Bb7 5.Nc3 d5 6.cxd5 Nxd5 7.Nxd5 Qxd5 8.e3 Bd6
9.Qc2 O-O 10.Bd3 Qh5 11.Be4 Bxe4 12.Qxe4 Nd7 13.Qc6 Rad8 14.O-O e5 15.Bd2 Rfe8
16.Bb4 e4 17.Bxd6 cxd6 18.Nd2 Nf6 19.Rfc1 Qf5 20.h3 Re7 21.Rc2 Nd5 22.Rac1 Qe6
23.Nb1 f5 24.Nc3 Nf6 25.Ne2 Nd5 26.Nc3 Nf6 27.Ne2 Nd5 28.Nc3  1/2-1/2

[Event "Chigorin Mem"]
[Site "St Petersburg RUS"]
[Date "2005.10.20"]
[Round "6"]
[White "Vorobiov,E"]
[Black "Tunik,G"]
[Result "1/2-1/2"]
[WhiteElo "2549"]
[BlackElo "2457"]

1.d4 Nf6 2.c4 e6 3.Nf3 b6 4.a3 Ba6 5.Qc2 Bb7 6.Nc3 c5 7.e4 cxd4 8.Nxd4 d6
9.Be2 Be7 10.Be3 a6 11.g4 Nfd7 12.O-O-O Nc6 13.Nxc6 Bxc6 14.h4 Qb8 15.Kb1  1/2-1/2

[Event "Chigorin Mem"]
[Site "St Petersburg RUS"]
[Date "2005.10.21"]
[Round "7"]
[White "Tihonov,J"]
[Black "Sorokin,M"]
[Result "0-1"]
[WhiteElo "2474"]
[BlackElo "2567"]

1.d4 Nf6 2.c4 e6 3.Nf3 b6 4.a3 Ba6 5.Qc2 c5 6.d5 exd5 7.cxd5 g6 8.Bf4 d6
9.Nc3 Bg7 10.Qa4+ Qd7 11.Bxd6 Qxa4 12.Nxa4 Nxd5 13.e4 Bxf1 14.Rxf1 Nf6 15.O-O-O Nc6
16.Ne5 Nd4 17.Nc3 Rd8 18.Nc4 b5 19.e5 bxc4 20.Kb1 Nd7 21.Rfe1  0-1

[Event "Chigorin Mem"]
[Site "St Petersburg RUS"]
[Date "2005.10.21"]
[Round "7"]
[White "Sergeev,Ve"]
[Black "Obukhov,A"]
[Result "1-0"]
[WhiteElo "2377"]
[BlackElo "2528"]

1.Nf3 Nf6 2.d4 e6 3.c4 b6 4.a3 c5 5.d5 Ba6 6.Qc2 exd5 7.cxd5 g6 8.Nc3 Bg7
9.g3 O-O 10.Bg2 Re8 11.O-O d6 12.h3 b5 13.Re1 Nbd7 14.Bf4 Nb6 15.e4 Nh5 16.Bg5 Qc8
17.e5 dxe5 18.Ne4 Nxd5 19.Nd6 Qc7 20.Nxe8 Rxe8 21.Rad1 Nhf6 22.Nh2 Nb6 23.Bxf6 Bxf6
24.Ng4 Bg7 25.f4 Bc8 26.Nxe5 Bxe5 27.Kh2 h5 28.h4 Bd7 29.fxe5 Rxe5 30.Qc3 Rxe1
31.Rxe1 Qd6 32.Qa5 Qd4 33.Re2 Nc4 34.Qxa7 Bg4 35.Re8+ Kg7 36.b3 Nd2 37.Qe7 Be6
38.Qf8+ Kf6 39.Qh8+ Kf5 40.Qh6 Kf6 41.Qh8+ Kf5 42.Qh6 Kf6 43.Rd8 Bd7 44.Qg5+ Kg7
45.Qf4  1-0

[Event "II Open"]
[Site "Calvia ESP"]
[Date "2005.10.22"]
[Round "2"]
[White "Gomez Jurado,L"]
[Black "Berg,E"]
[Result "0-1"]
[WhiteElo "2350"]
[BlackElo "2540"]

1.d4 e6 2.Nf3 Nf6 3.c4 b6 4.a3 Ba6 5.Qc2 Bb7 6.Nc3 c5 7.dxc5 bxc5 8.Bg5 d6
9.e3 Nbd7 10.Be2 Be7 11.O-O h6 12.Bh4 g5 13.Bg3 h5 14.Nxg5 h4 15.Nxe6 fxe6
16.Qg6+ Kf8 17.Bf4 Ng8 18.Bh5 Qe8 19.Qxe8+ Rxe8 20.Bxe8 Kxe8 21.e4 Ngf6 22.f3 Nh5
23.Be3 Ne5 24.b3 Rg8 25.Rad1 a6 26.Kf2 Rf8 27.Ke2 Nc6 28.Na2 Nd4+ 29.Bxd4 cxd4
30.Rxd4 Nf4+ 31.Kf2 d5 32.b4 dxe4 33.fxe4 e5 34.Rd2 Bxe4 35.g3 Bg5 36.Ke3 Nh5+
37.Kxe4 Rxf1 38.Rg2 Nf6+ 39.Kxe5 Ng4+ 40.Kd6 Be7+ 41.Kc7 Ne3 42.Re2 Nxc4
43.gxh4 Nxa3 44.Kb7 Rf6 45.Nc3 Rd6 46.Ra2 Nb5 47.Nxb5 axb5 48.Ra5 Rd4 49.h5 Rxb4
50.Kc6 Rc4+ 51.Kxb5 Rc5+ 52.Ka4 Rc3 53.Rd5 Kf7 54.Kb5 Ke6 55.Rd2 Rc5+ 56.Ka4 Rxh5
57.Re2+ Kd6 58.Kb3 Rh3+ 59.Kc2 Bg5 60.Rg2 Bf4 61.Rf2 Ke5 62.Re2+ Kd4 63.Rf2 Be3
64.Rg2 Kc4 65.Kd1 Kd3 66.Rd2+ Ke4 67.Rg2 Kd3 68.Rd2+ Ke4 69.Rg2 Rh8 70.Kc2 Rc8+
71.Kb3 Kd3 72.Ka4 Rb8 73.h4 Bd4 74.Ka5 Kc4 75.Rc2+ Kd5 76.Rd2 Rb3 77.Ka4 Rb7
78.Ka5 Rb3 79.Ka4 Rb8 80.Ka5 Kc6 81.Rxd4 Kc5  0-1

[Event "Femida w"]
[Site "Kharkiv UKR"]
[Date "2005.10.22"]
[Round "7"]
[White "Dvoretska,O"]
[Black "Kuzmina,O"]
[Result "1-0"]
[WhiteElo "2122"]
[BlackElo "2261"]

1.Nf3 Nf6 2.c4 e6 3.d4 b6 4.a3 Ba6 5.Qc2 Bb7 6.Nc3 c5 7.e4 cxd4 8.Nxd4 Bc5
9.Nb3 Nc6 10.Bg5 h6 11.Bh4 Nd4 12.Nxd4 Bxd4 13.Bd3 O-O 14.Ne2 g5 15.Nxd4 gxh4
16.Nf3 d5 17.e5 dxc4 18.Bxc4 Ne4 19.Qe2 Ng5 20.Nxh4 Qd4 21.Nf3 Bxf3 22.gxf3 Qf4
23.Rg1 Kh8 24.Rg3 Rac8 25.Bd3 Rfd8 26.Kf1 Rc5 27.Re1 Rcd5 28.Be4 Rxe5 29.Rd1 Rc8
30.Qa6 Rc1 31.Rxc1 Qxc1+ 32.Kg2 Qc7 33.Qa4 Qe7 34.Bc2 Rc5 35.h4 Nh7 36.Qg4 Qf8
37.Qd4+ e5 38.Qd3 Nf6 39.Qf5 Qd8 40.b4 Rc3 41.Bb1 Qd6 42.Ba2 e4 43.Bxf7 exf3+
44.Kh3 Rc7 45.Be6  1-0

[Event "Chigorin Mem"]
[Site "St Petersburg RUS"]
[Date "2005.10.22"]
[Round "8"]
[White "Serov,M"]
[Black "Vlasenko,M"]
[Result "1/2-1/2"]
[WhiteElo "2212"]
[BlackElo "2406"]

1.d4 Nf6 2.c4 e6 3.Nf3 b6 4.a3 Bb7 5.Nc3 g6 6.d5 Bg7 7.e4 O-O 8.Bd3 c6 9.O-O b5
10.dxc6 dxc6 11.Bg5 h6 12.Bxf6 Bxf6 13.cxb5 cxb5 14.Bxb5 Qe7 15.Qe2 Nc6 16.e5 Bg7
17.Rfe1 Rad8 18.Qe3 Rd7 19.Rac1 a6 20.Nd5 Rxd5 21.Bxc6 Bxc6 22.Rxc6 a5 23.Rec1 Rfd8
24.h3 Bf8 25.Kh2 Rb8 26.Rc7 Qe8 27.R1c2 Rdb5 28.Ra7 R8b7 29.Rxb7 Rxb7 30.h4 Qb8
31.Qc3 a4 32.Qd4 Bg7 33.Re2 Rb3 34.Qxa4 Rxb2 35.Qe4 Rxe2 36.Qxe2 Qa7 37.Qe3 Qa4
38.g3 Bf8 39.Kg2 Kg7 40.Qe2 Qxa3 41.Kg1 Qb3 42.Kh2 Bc5 43.Ne1 Qd5 44.Nf3 Qb3
45.Kg1 Qb1+ 46.Kg2 Qf5 47.Qc4 Be7 48.g4 Qb1 49.Qf4 Qd3 50.h5 g5 51.Qe3 Qd5
52.Qd4 Qb5 53.Qe4 Bc5 54.Ne1 Bb6 55.Nd3 Bc7 56.Kg3 Kf8 57.f4 gxf4+ 58.Kxf4 Ba5
59.Kg3 Bd2 60.Qd4 Kg7 61.Qe4 Qb1 62.Kg2 Bg5 63.Qe2 Qb5 64.Kg1 Bd8 65.Qf3 Qc4
66.Qe2 Qd4+ 67.Kh2 Bb6 68.Qf3 Bc7 69.Qe2 f6 70.Kh3 fxe5 71.Nf2 Bd8 72.Qc2 Kf8
73.Ne4 Qe3+ 74.Kg2 Qf4 75.Qe2 Kg7 76.Qf3 Qc1 77.Qc3 Qf4 78.Qf3 Kf7 79.Qxf4+ exf4
80.Kf3 e5 81.Nd2 Kf6 82.Ne4+ Ke6 83.Nd2 Kd5 84.Ne4 Be7 85.Nf2 Kd4 86.Ne4 Kd3
87.Nf2+ Kd4  1/2-1/2

[Event "Chigorin Mem"]
[Site "St Petersburg RUS"]
[Date "2005.10.22"]
[Round "8"]
[White "Sorokin,M"]
[Black "Solozhenkin,E"]
[Result "1/2-1/2"]
[WhiteElo "2567"]
[BlackElo "2495"]

1.d4 Nf6 2.c4 e6 3.Nf3 b6 4.a3 Ba6 5.Qc2 Bb7 6.Nc3 c5 7.dxc5 Bxc5 8.Bf4 O-O
9.Rd1 Nh5 10.Bc1 Be7 11.e4 a6 12.Be3 d6 13.Be2 Qc7 14.O-O Nd7 15.Rfe1  1/2-1/2

[Event "zt 3.3"]
[Site "Beijing CHN"]
[Date "2005.10.23"]
[Round "6"]
[White "Zhou Jianchao"]
[Black "Wei Chenpeng"]
[Result "1/2-1/2"]
[WhiteElo "2516"]
[BlackElo "2390"]

1.d4 Nf6 2.c4 e6 3.Nf3 b6 4.a3 Bb7 5.Nc3 d5 6.cxd5 Nxd5 7.Bd2 Be7 8.Qc2 Nd7
9.e4 Nxc3 10.Bxc3 O-O 11.O-O-O Qc8 12.h4 Nf6 13.Ng5 g6 14.h5 h6 15.hxg6 hxg5
16.f3 fxg6 17.e5 Kg7 18.exf6+ Bxf6 19.Bd3 Qe8 20.Bb4 c5 21.dxc5 Rc8 22.Bxg6 Qxg6
23.Rd7+ Rf7 24.Rh7+ Kxh7 25.Rxf7+ Kh6 26.Rxb7 a5 27.Bc3 Rxc5 28.Rxb6 Bxc3
29.bxc3 Qf6 30.Kb2 Qe5 31.a4 Rc4 32.Rb7 Rc7 33.Rb5 Rc5 34.Qd3 Qe1 35.Rb7 Rf5
36.Qd7 Rf7 37.Qxf7 Qd2+ 38.Kb1 Qd1+ 39.Kb2 Qd2+ 40.Kb3 Qd1+ 41.Kb2  1/2-1/2

[Event "TCh-BEL 2005-6"]
[Site "Belgium BEL"]
[Date "2005.10.23"]
[Round "2"]
[White "Bertrem,S"]
[Black "Van Herck,M"]
[Result "1-0"]
[WhiteElo "2148"]
[BlackElo "2171"]

1.d4 Nf6 2.c4 e6 3.Nf3 b6 4.a3 Ba6 5.e3 d5 6.Qa4+ Qd7 7.Qc2 dxc4 8.Bxc4 Bxc4
9.Qxc4 c5 10.Nc3 Nc6 11.O-O Rc8 12.Rd1 Na5 13.Qe2 c4 14.e4 Be7 15.d5 exd5
16.e5 Ng4 17.Nxd5 Qe6 18.Nxe7 Qxe7 19.Nd4 Nxe5 20.Nf5 Qc5 21.Nd6+ Ke7 22.Nxc8+ Rxc8
23.Be3 Qb5 24.a4 Qc6 25.Bd4 f6 26.f4 Nb3 27.fxe5  1-0

[Event "II Open"]
[Site "Calvia ESP"]
[Date "2005.10.23"]
[Round "4"]
[White "Gomez Jurado,L"]
[Black "Fokin,Se RUS"]
[Result "0-1"]
[WhiteElo "2350"]
[BlackElo "2180"]

1.d4 Nf6 2.Nf3 e6 3.c4 b6 4.a3 Bb7 5.Nc3 d5 6.cxd5 Nxd5 7.Qc2 Be7 8.e4 Nxc3
9.bxc3 c5 10.Bb5+ Bc6 11.Bd3 Nd7 12.O-O cxd4 13.cxd4 Rc8 14.Qe2 Bb7 15.Rd1 O-O
16.Bb2 Qc7 17.Rac1 Qb8 18.Bb5 Rxc1 19.Bxc1 Nf6 20.d5 exd5 21.exd5 Bc5 22.Ne5 Bd6
23.Bb2 Bxd5 24.Nd7 Nxd7 25.Bxd7 Ba8 26.Re1 Rd8 27.Qg4 Bf8 28.Rd1 Qb7 29.h4 Qe4
30.f4 Qc2 31.Be5 Bxg2 32.Re1 Bc5+  0-1

[Event "II Open"]
[Site "Calvia ESP"]
[Date "2005.10.23"]
[Round "4"]
[White "Mihailovs,J"]
[Black "Diez Fraile,M"]
[Result "1-0"]
[WhiteElo "2299"]
[BlackElo "2110"]

1.d4 Nf6 2.c4 e6 3.Nf3 b6 4.a3 Bb7 5.Nc3 d5 6.cxd5 Nxd5 7.Qc2 Be7 8.e4 Nxc3
9.bxc3 O-O 10.Bd3 c5 11.Be3 Nd7 12.e5 cxd4 13.Bxh7+ Kh8 14.cxd4 Rc8 15.Qd3 f5
16.exf6 Nxf6 17.Ng5 Bxg2 18.Rg1 Qd5 19.Qg6 Rc6 20.Rxg2  1-0

[Event "SCG First League w"]
[Site "Vrnjacka Banja SCG"]
[Date "2005.10.26"]
[Round "10"]
[White "Aleksov,A"]
[Black "Vranesevic,D"]
[Result "1/2-1/2"]
[WhiteElo "2037"]
[BlackElo "2039"]

1.d4 Nf6 2.c4 e6 3.Nf3 b6 4.a3 Ba6 5.e3 c5 6.Nbd2 Bb7 7.Be2 d6 8.O-O Be7
9.b3 O-O 10.Bd3 Nbd7 11.Bb2 Rc8 12.Rc1 cxd4 13.exd4 d5 14.Qe2 Bd6 15.Ne5 Qe7
16.b4 dxc4 17.Ndxc4 Bb8 18.Ne3 Rfd8 19.Rfd1  1/2-1/2

[Event "SCG First League m"]
[Site "Vrnjacka Banja SCG"]
[Date "2005.10.26"]
[Round "10"]
[White "Nestorovic,De"]
[Black "Perunovic,Mio"]
[Result "1-0"]
[WhiteElo "2400"]
[BlackElo "2374"]

1.d4 e6 2.c4 Nf6 3.Nf3 b6 4.a3 Ba6 5.Qc2 Bb7 6.Nc3 c5 7.e4 cxd4 8.Nxd4 Bc5
9.Nb3 Nc6 10.Bf4 O-O 11.Rd1 e5 12.Bg5 Nd4 13.Nxd4 exd4 14.Nd5 Bxd5 15.cxd5 Rc8
16.Qd3 Re8 17.Be2 Be7 18.Bd2 Bd6 19.f3 Nh5 20.g3 f5 21.exf5 Qe7 22.Kf2 Rc2
23.b4 Rb2 24.Rhe1 a5 25.f4 Rxd2 26.Qxd2 Bxf4 27.Bxh5 Be3+ 28.Kg2  1-0

[Event "9th Bavarian Open"]
[Site "Bad Wiessee GER"]
[Date "2005.10.29"]
[Round "1"]
[White "Eingorn,V"]
[Black "Van Eck,T"]
[Result "1-0"]
[WhiteElo "2587"]
[BlackElo "2060"]

1.d4 Nf6 2.c4 e6 3.Nf3 b6 4.a3 Bb7 5.Nc3 d5 6.cxd5 exd5 7.g3 Be7 8.Qa4+ c6
9.Bg2 O-O 10.O-O c5 11.Rd1 Qe8 12.Bg5 Ne4 13.Qxe8 Rxe8 14.Bxe7 Nxc3 15.bxc3 Rxe7
16.dxc5 bxc5 17.Rab1 Bc6 18.Nh4 Rd7 19.c4 d4 20.Rxb8+ Rxb8 21.Bxc6 Re7 22.Bf3 Rb3
23.e3 g5 24.Nf5 Re5 25.g4 h5 26.h3 Rxa3 27.Rb1 Ra4 28.Bd5 d3 29.Kg2 Ra2 30.Rb8+ Kh7
31.Bxf7 hxg4 32.hxg4 d2 33.Rd8 Re4 34.Bg8+  1-0

[Event "TCh-HUN 2005-6"]
[Site "Hungary HUN"]
[Date "2005.10.30"]
[Round "2"]
[White "Kallai,G"]
[Black "Gyimesi,Z"]
[Result "1/2-1/2"]
[WhiteElo "2504"]
[BlackElo "2624"]

1.d4 Nf6 2.c4 e6 3.Nf3 b6 4.a3 Bb7 5.Nc3 d5 6.Bg5 Be7 7.Qa4+ c6 8.Bxf6 Bxf6
9.e4 dxc4 10.Qxc4 O-O 11.Rd1 Nd7 12.Be2 Rc8 13.O-O  1/2-1/2

[Event "Blitz Match"]
[Site "Prague CZE"]
[Date "2005.11.04"]
[Round "2"]
[White "Shirov,A"]
[Black "Navara,D"]
[Result "1-0"]
[WhiteElo "2710"]
[BlackElo "2646"]

1.d4 Nf6 2.c4 e6 3.Nf3 b6 4.a3 Bb7 5.Nc3 d5 6.cxd5 Nxd5 7.Qc2 Nxc3 8.bxc3 Be7
9.e4 O-O 10.Bd3 c5 11.O-O Qc7 12.Qe2 Nd7 13.Bb2 Nf6 14.Rad1 Rfe8 15.Ne5 a6
16.f4 b5 17.Rde1 Rad8 18.Rf3 b4 19.axb4 cxd4 20.cxd4 Bxb4 21.Rc1 Qb8 22.Rh3 Qa8
23.Nxf7 Kxf7 24.d5 exd5 25.Bxf6 Kxf6 26.e5+ Ke7 27.Qg4 Kf8 28.Qf5+ Kg8 29.Qxh7+ Kf8
30.Qf5+ Kg8 31.Rh8+  1-0